000 00867nam a2200277 a 4500
001 24361
003 CO-ViMGA
008 141112s2004 ck r 000 u spa d
020 _a9789581413539
040 _aCO-ViMGA
_bspa
_cCO-ViMGA
041 _aSPA
090 _aA SCH13
100 1 _aSch÷ssow, Peter
_935733
245 1 0 _aUna cucharadita para... /
_cPeter Sch÷ssow
250 _a1a ed.
260 _aBogotá :
_bLóguez,
_c2011
300 _a24 p. : il. col. : il.
500 _aTítulo original : Ein L÷ffelchen für...
650 1 4 _aANIMALES - LIBROS DE IMAGENES
_935734
650 1 4 _aAUTORES ALEMANES
_92665
650 1 4 _aBEBES - ALIMENTACION Y ALIMENTOS - LIBROS DE IMAGENES
_935735
650 1 4 _aDESDE LOS 18 MESES
_935736
650 1 4 _aILUSTRADORES ALEMANES
_935737
650 1 4 _aLEER ES MI CUENTO - COLECCION 2011
_935738
942 _2ddc
_cBK
999 _c2258
_d2258